[Event "DVM U20 2024"]
[Site "Breisach am Rhein GER"]
[Date "2024.12.29"]
[Round "5"]
[White "Beetz, Ole"]
[Black "Lohr, Alexander"]
[Result "1-0"]
[Termination "normal"]
[Board "8.4"]
[WhiteElo "1788"]
[BlackElo "1612"]
[WhiteTeam "SF Essen-Katernberg 04/32"]
[BlackTeam "FC Ergolding 1932"]
[PlyCount "97"]
[WhiteFideId "34628339"]
[BlackFideId "16297865"]
[EventCountry "GER"]
[EventRounds "7"]
[EventType "team-swiss"]
[EventDate "2024.12.26"]

1. e4 c5 2. Nf3 e6 3. d4 cxd4 4. Nxd4 Nf6 5. Nc3 Nc6 6. Nxc6 bxc6 7. e5 Nd5 8.
Ne4 Qc7 9. f4 Qb6 10. c4 Ne3 11. Qd3 Bb4+ 12. Ke2 Nxc4 13. Kf3 Ba6 14. Qc2 Qd4
15. Be2 Nxe5+ 16. fxe5 Bxe2+ 17. Qxe2 Qxe5 18. Bf4 Qh5+ 19. Kf2 Qxe2+ 20. Kxe2
d5 21. Nf2 Kd7 22. Rac1 Bd6 23. Bxd6 Kxd6 24. Nd3 Rac8 25. Nc5 Rb8 26. Rc2 f6
27. Rhc1 e5 28. b3 f5 29. h4 g6 30. g3 e4 31. Ke3 h6 32. Kf4 d4 33. Rc4 Rhd8
34. Rxd4+ Ke7 35. Rcd1 Rxd4 36. Rxd4 Rb5 37. b4 a5 38. a3 axb4 39. axb4 Kf6 40.
Nd7+ Ke6 41. Nc5+ Kf6 42. Rd6+ Kf7 43. Rd7+ Kf6 44. Rd6+ Kf7 45. Rxc6 Rxb4 46.
Ke5 e3 47. Rc7+ Ke8 48. Kf6 Rb8 49. Ne6 1-0

[Event "DVM U20 2024"]
[Site "Breisach am Rhein GER"]
[Date "2024.12.29"]
[Round "5"]
[White "Lieder, Dominik"]
[Black "Becker, Samuel"]
[Result "0-1"]
[Termination "normal"]
[Board "8.5"]
[WhiteElo "1568"]
[BlackElo "1751"]
[WhiteTeam "FC Ergolding 1932"]
[BlackTeam "SF Essen-Katernberg 04/32"]
[PlyCount "22"]
[WhiteFideId "16281209"]
[BlackFideId "16271653"]
[EventCountry "GER"]
[EventRounds "7"]
[EventType "team-swiss"]
[EventDate "2024.12.26"]

1. e4 c5 2. b3 g6 3. Bb2 Nf6 4. d3 Bg7 5. f4 Nc6 6. Nc3 d6 7. Nd5 e6 8. Ne3 O-O
9. g4 Nxe4 10. Bxg7 Qh4+ 11. Ke2 Qf2# 0-1

[Event "DVM U20 2024"]
[Site "Breisach am Rhein GER"]
[Date "2024.12.29"]
[Round "5"]
[White "Springmann, Simon"]
[Black "Paringer, Jakob"]
[Result "1-0"]
[Termination "normal"]
[Board "8.6"]
[WhiteElo "1464"]
[BlackElo "1531"]
[WhiteTeam "SF Essen-Katernberg 04/32"]
[BlackTeam "FC Ergolding 1932"]
[PlyCount "63"]
[WhiteFideId "533025096"]
[BlackFideId "34605134"]
[EventCountry "GER"]
[EventRounds "7"]
[EventType "team-swiss"]
[EventDate "2024.12.26"]

1. e4 c5 2. Nc3 d6 3. f4 Nf6 4. Nf3 a6 5. Bc4 e6 6. a3 Be7 7. O-O b5 8. Ba2 Nc6
9. d3 O-O 10. Qe1 Bd7 11. Bd2 Re8 12. Qf2 Rb8 13. Nd1 a5 14. f5 h6 15. Qg3 Kh8
16. Qh3 Nh7 17. Ne3 Ng5 18. Qh5 Rf8 19. Ng4 Kh7 20. Bc3 e5 21. Nxg5+ Bxg5 22.
Bxf7 Ne7 23. h4 Bf6 24. Nxf6+ gxf6 25. Bd2 Ng8 26. Qg6+ Kh8 27. Bxg8 Qe7 28.
Bd5 Qg7 29. h5 Qxg6 30. hxg6 Kg7 31. Kf2 a4 32. Rh1 1-0

[Event "DVM U20 2024"]
[Site "Breisach am Rhein GER"]
[Date "2024.12.29"]
[Round "6"]
[White "Schuricht, Emil Frederick"]
[Black "Gallasch, Jonas"]
[Result "1/2-1/2"]
[Termination "normal"]
[Board "1.1"]
[BlackTitle "FM"]
[WhiteElo "2357"]
[BlackElo "2309"]
[WhiteTeam "Krefelder SK Turm 1851"]
[BlackTeam "SG Porz"]
[PlyCount "60"]
[WhiteFideId "16270185"]
[BlackFideId "16222474"]
[EventCountry "GER"]
[EventRounds "7"]
[EventType "team-swiss"]
[EventDate "2024.12.26"]

1. d4 d5 2. c4 c6 3. Nf3 Nf6 4. Nc3 e6 5. Bg5 Be7 6. e3 Nbd7 7. Rc1 O-O 8. Bd3
dxc4 9. Bxc4 b5 10. Bd3 Bb7 11. O-O Nd5 12. Bxe7 Nxe7 13. Qe2 a6 14. Rfd1 Re8
15. Ne4 Qb8 16. Bb1 Ng6 17. Nc5 Nf6 18. Qc2 Rc8 19. Ne5 Ra7 20. Nxg6 hxg6 21.
f4 Nd5 22. Qe2 Qd6 23. Be4 a5 24. a4 b4 25. Rc2 Ba8 26. Rdc1 Qd8 27. g3 Kf8 28.
Bxg6 Qb6 29. Be4 Qd8 30. Qf3 f5 1/2-1/2

[Event "DVM U20 2024"]
[Site "Breisach am Rhein GER"]
[Date "2024.12.29"]
[Round "6"]
[White "Nezhyvenko, Mykhaylo"]
[Black "Menzel, Maximilian"]
[Result "1/2-1/2"]
[Termination "normal"]
[Board "1.3"]
[WhiteElo "2080"]
[BlackElo "2173"]
[WhiteTeam "Krefelder SK Turm 1851"]
[BlackTeam "SG Porz"]
[PlyCount "143"]
[WhiteFideId "34139885"]
[BlackFideId "34617280"]
[EventCountry "GER"]
[EventRounds "7"]
[EventType "team-swiss"]
[EventDate "2024.12.26"]

1. e4 c6 2. d4 d5 3. Nc3 dxe4 4. Nxe4 Bf5 5. Ng3 Bg6 6. h4 h6 7. h5 Bh7 8. Nf3
e6 9. Bd3 Bxd3 10. Qxd3 Nf6 11. c4 Bb4+ 12. Bd2 Qa5 13. a3 Bxd2+ 14. Nxd2 Nbd7
15. c5 O-O 16. b4 Qc7 17. Nc4 Rfd8 18. Ne4 Nxe4 19. Qxe4 Nf6 20. Qe5 Qd7 21.
Rd1 Qd5 22. Ne3 Qb3 23. Rh3 Qxa3 24. Rg3 Qxb4+ 25. Kf1 Ne8 26. Ng4 Kf8 27. Qf4
Rd5 28. Ne5 f6 29. Ng6+ Kf7 30. Ne5+ Ke7 31. Ng6+ Kf7 32. Qe4 Qc4+ 33. Kg1 Rad8
34. Nf4 Rxd4 35. Qg6+ Kf8 36. Rxd4 Rxd4 37. Nd3 Qd5 38. Re3 b5 39. cxb6 axb6
40. g3 Nc7 41. Kh2 Qg5 42. Qh7 Qxh5+ 43. Kg2 Qd5+ 44. Kh2 Qh5+ 45. Kg2 Qf5 46.
Qh8+ Kf7 47. Ne5+ fxe5 48. Rf3 Rf4 49. gxf4 exf4 50. Ra3 Qg4+ 51. Kf1 f3 52.
Ra7 Qg2+ 53. Ke1 Qg1+ 54. Kd2 Qxf2+ 55. Kc3 Qe3+ 56. Kc2 Qe2+ 57. Kb3 Qd3+ 58.
Kb2 Qd4+ 59. Kb3 f2 60. Rxc7+ Kg6 61. Qe8+ Kh7 62. Qf8 Qd5+ 63. Ka3 Qd3+ 64.
Kb2 Qb5+ 65. Ka3 Qa5+ 66. Kb3 Qd5+ 67. Kc3 Qd3+ 68. Kb2 Qd2+ 69. Kb3 Qe3+ 70.
Ka2 Qe2+ 71. Kb3 Qb5+ 72. Ka2 1/2-1/2

[Event "DVM U20 2024"]
[Site "Breisach am Rhein GER"]
[Date "2024.12.29"]
[Round "6"]
[White "Sabirov, Rafael"]
[Black "Lübke, Robin"]
[Result "1-0"]
[Termination "normal"]
[Board "1.4"]
[WhiteElo "2145"]
[BlackElo "2033"]
[WhiteTeam "SG Porz"]
[BlackTeam "Krefelder SK Turm 1851"]
[PlyCount "71"]
[WhiteFideId "16241185"]
[BlackFideId "34629670"]
[EventCountry "GER"]
[EventRounds "7"]
[EventType "team-swiss"]
[EventDate "2024.12.26"]

1. e4 c6 2. d4 d5 3. f3 g6 4. Nc3 Bg7 5. e5 f6 6. f4 Nh6 7. Nf3 Be6 8. Be2 Nd7
9. Be3 Qc7 10. O-O Ng4 11. Bc1 Nh6 12. Kh1 O-O 13. Be3 Rae8 14. Qd2 b6 15. Nd1
c5 16. c3 Rc8 17. a4 a5 18. Bg1 Kh8 19. Ne3 Qb7 20. Rfc1 Rfd8 21. Bd3 Nf8 22.
Qe2 c4 23. Bc2 Qd7 24. Rf1 Nf5 25. Nxf5 Bxf5 26. Bxf5 Qxf5 27. Nh4 Qd7 28. f5
fxe5 29. dxe5 g5 30. f6 gxh4 31. fxg7+ Kxg7 32. Bxb6 Re8 33. e6 Qxe6 34. Bd4+
Kg6 35. Qf2 h3 36. Rae1 1-0

[Event "DVM U20 2024"]
[Site "Breisach am Rhein GER"]
[Date "2024.12.29"]
[Round "6"]
[White "Schuricht, Paul Alexander"]
[Black "Kruse, Victor"]
[Result "1/2-1/2"]
[Termination "normal"]
[Board "1.5"]
[WhiteElo "1856"]
[BlackElo "2043"]
[WhiteTeam "Krefelder SK Turm 1851"]
[BlackTeam "SG Porz"]
[PlyCount "108"]
[WhiteFideId "16270177"]
[BlackFideId "16256964"]
[EventCountry "GER"]
[EventRounds "7"]
[EventType "team-swiss"]
[EventDate "2024.12.26"]

1. d4 d5 2. c4 c6 3. cxd5 cxd5 4. Bf4 Nc6 5. Nc3 Nf6 6. e3 a6 7. Bd3 Bg4 8.
Nge2 e6 9. O-O Bd6 10. f3 Bh5 11. Rc1 Bg6 12. Na4 O-O 13. Bxd6 Qxd6 14. Nf4 e5
15. dxe5 Qxe5 16. Re1 Rfe8 17. Nc3 Rad8 18. Bxg6 hxg6 19. Qd2 g5 20. Nd3 Qf5
21. Rcd1 g4 22. Qf2 gxf3 23. Qxf3 Qxf3 24. gxf3 d4 25. exd4 Rxe1+ 26. Nxe1 Rxd4
27. Rxd4 Nxd4 28. Kf2 Kf8 29. Nd3 Ne6 30. Na4 Nd7 31. Ke3 Ke7 32. Nf4 g5 33.
Nd3 f5 34. Nc3 Kd6 35. Ne1 Ne5 36. b3 Kc5 37. Nc2 b5 38. Ne2 Nc6 39. a3 a5 40.
Kd3 Ne5+ 41. Ke3 a4 42. bxa4 bxa4 43. Nc3 Nc4+ 44. Kf2 Nb6 45. Kg3 Nd4 46. Ne1
Kc4 47. Nxa4 Nxa4 48. h4 gxh4+ 49. Kxh4 Ne6 50. Ng2 Kd3 51. Kh5 Ke2 52. Kg6 Nd4
53. Nh4 f4 54. Kg5 Nxf3+ 1/2-1/2

[Event "DVM U20 2024"]
[Site "Breisach am Rhein GER"]
[Date "2024.12.29"]
[Round "6"]
[White "Kliffken, Julian"]
[Black "Jovanovic, Lucas"]
[Result "1-0"]
[Termination "normal"]
[Board "1.6"]
[WhiteElo "1767"]
[BlackElo "1793"]
[WhiteTeam "SG Porz"]
[BlackTeam "Krefelder SK Turm 1851"]
[PlyCount "55"]
[WhiteFideId "16298071"]
[BlackFideId "34624406"]
[EventCountry "GER"]
[EventRounds "7"]
[EventType "team-swiss"]
[EventDate "2024.12.26"]

1. d4 d5 2. c4 dxc4 3. Nf3 Nf6 4. e3 e6 5. Bxc4 c5 6. O-O a6 7. Bb3 b5 8. a4
Bb7 9. axb5 axb5 10. Rxa8 Bxa8 11. Qe2 c4 12. Bc2 Bd6 13. e4 Be7 14. Rd1 O-O
15. h4 b4 16. e5 Bxf3 17. Qxf3 Nd5 18. Qg4 Kh8 19. h5 Qb6 20. Qe4 f5 21. exf6
Nxf6 22. Qe2 Qc6 23. Nd2 c3 24. Nc4 cxb2 25. Bxb2 Nbd7 26. h6 gxh6 27. d5 Qc5
28. dxe6 1-0

[Event "DVM U20 2024"]
[Site "Breisach am Rhein GER"]
[Date "2024.12.29"]
[Round "6"]
[White "Bethke, Richard"]
[Black "Garner, Isaac"]
[Result "1/2-1/2"]
[Termination "normal"]
[Board "2.1"]
[WhiteTitle "FM"]
[WhiteElo "2371"]
[BlackElo "2334"]
[WhiteTeam "SF Neuberg"]
[BlackTeam "Hamburger SK 1830"]
[PlyCount "58"]
[WhiteFideId "12959243"]
[BlackFideId "16239261"]
[EventCountry "GER"]
[EventRounds "7"]
[EventType "team-swiss"]
[EventDate "2024.12.26"]

1. e4 c6 2. d4 d5 3. e5 Bf5 4. c4 e6 5. Nc3 Bb4 6. Qb3 a5 7. a3 dxc4 8. Bxc4
Bxc3+ 9. Qxc3 Nd7 10. Nf3 h6 11. O-O Ne7 12. Be3 Nb6 13. Bd3 O-O 14. Nd2 Qd5
15. Be2 Bg6 16. b3 Qd7 17. Nc4 Nxc4 18. bxc4 b5 19. Rfc1 bxc4 20. Qxc4 Be4 21.
f3 Bg6 22. Bd1 Rfb8 23. Ba4 Rb2 24. Ra2 Qb7 25. Rxb2 Qxb2 26. Qb3 Rb8 27. Qxb2
Rxb2 28. Bxc6 Rb3 29. Kf2 Rb2+ 1/2-1/2

[Event "DVM U20 2024"]
[Site "Breisach am Rhein GER"]
[Date "2024.12.29"]
[Round "6"]
[White "Weihrauch, Jakob"]
[Black "Baranyai-Molnar, Adam-Kristof"]
[Result "0-1"]
[Termination "normal"]
[Board "2.2"]
[WhiteTitle "FM"]
[WhiteElo "2246"]
[BlackElo "2250"]
[WhiteTeam "Hamburger SK 1830"]
[BlackTeam "SF Neuberg"]
[PlyCount "66"]
[WhiteFideId "16210115"]
[BlackFideId "768022"]
[EventCountry "GER"]
[EventRounds "7"]
[EventType "team-swiss"]
[EventDate "2024.12.26"]

1. e4 e5 2. Nf3 Nc6 3. Bb5 f5 4. d3 Nf6 5. O-O fxe4 6. dxe4 d6 7. Bc4 Na5 8.
Bd3 Bg4 9. h3 Bh5 10. Bg5 h6 11. Bh4 g5 12. Bg3 Nc6 13. Nbd2 Qd7 14. Rb1 Nd4
15. c3 Ne6 16. Nc4 O-O-O 17. b4 g4 18. hxg4 Bxg4 19. Ne3 h5 20. Bh4 Be7 21. g3
Nh7 22. Bxe7 Qxe7 23. Nxg4 hxg4 24. Nh4 Nf6 25. f3 Rdg8 26. Kf2 Rxh4 27. gxh4
Nh5 28. fxg4 Qxh4+ 29. Ke2 Rxg4 30. Kd2 Rg2+ 31. Be2 Ng3 32. Qa4 Rxe2+ 33. Kd1
Qh6 0-1

[Event "DVM U20 2024"]
[Site "Breisach am Rhein GER"]
[Date "2024.12.29"]
[Round "6"]
[White "Eull, Emil"]
[Black "Avdic, Faris"]
[Result "1/2-1/2"]
[Termination "normal"]
[Board "2.3"]
[WhiteElo "2145"]
[BlackElo "2241"]
[WhiteTeam "SF Neuberg"]
[BlackTeam "Hamburger SK 1830"]
[PlyCount "65"]
[WhiteFideId "16253809"]
[BlackFideId "14422328"]
[EventCountry "GER"]
[EventRounds "7"]
[EventType "team-swiss"]
[EventDate "2024.12.26"]

1. Nf3 Nf6 2. c4 g6 3. Nc3 Bg7 4. g3 O-O 5. Bg2 d6 6. O-O Nc6 7. d3 e5 8. Rb1
a5 9. a3 Re8 10. b4 axb4 11. axb4 e4 12. dxe4 Nxe4 13. Nxe4 Rxe4 14. b5 Na5 15.
Nd2 Re8 16. Bb2 Bxb2 17. Rxb2 c6 18. e3 Be6 19. bxc6 bxc6 20. Qc2 d5 21. Qc3
Rc8 22. c5 Nc4 23. Nxc4 dxc4 24. Rd2 Qg5 25. Rc1 Qxc5 26. Bf1 Red8 27. Rd4 Rxd4
28. exd4 Qd6 29. Bxc4 Bxc4 30. Qxc4 Rd8 31. Qxc6 Qxc6 32. Rxc6 Rxd4 33. h4
1/2-1/2

[Event "DVM U20 2024"]
[Site "Breisach am Rhein GER"]
[Date "2024.12.29"]
[Round "6"]
[White "Fuhrmann, Bahne"]
[Black "Nagel, Daniel"]
[Result "1-0"]
[Termination "normal"]
[Board "2.4"]
[WhiteElo "2233"]
[BlackElo "1985"]
[WhiteTeam "Hamburger SK 1830"]
[BlackTeam "SF Neuberg"]
[PlyCount "95"]
[WhiteFideId "16244842"]
[BlackFideId "34605126"]
[EventCountry "GER"]
[EventRounds "7"]
[EventType "team-swiss"]
[EventDate "2024.12.26"]

1. e4 c5 2. Nf3 d6 3. d4 cxd4 4. Nxd4 Nf6 5. Nc3 g6 6. f3 Bg7 7. Be3 O-O 8. Qd2
Nc6 9. Bc4 Nxd4 10. Bxd4 Be6 11. Bb3 Qa5 12. O-O-O b5 13. Kb1 b4 14. Nd5 Bxd5
15. exd5 Qb5 16. Qd3 Qxd3 17. Rxd3 a5 18. Ba4 Nh5 19. Bc6 Rac8 20. Bb6 Nf4 21.
Rd2 Bh6 22. Bxa5 Nxd5 23. Rxd5 Rxc6 24. Bxb4 Rb8 25. c3 Bf4 26. g3 Be5 27. Rd3
g5 28. Rf1 Bf6 29. a4 h5 30. Ka2 Ra6 31. a5 Rb5 32. Ka3 Re5 33. c4 Re2 34. Rd2
Re3+ 35. Ka4 Re5 36. Rff2 Rf5 37. Rd5 Be5 38. Bc3 e6 39. Rb5 Bxc3 40. Rxf5 exf5
41. bxc3 Kf8 42. Kb5 Ra8 43. a6 Ke7 44. Kb6 Kd7 45. a7 Rc8 46. Ra2 Rc6+ 47. Kb5
Rc5+ 48. Kb4 1-0

[Event "DVM U20 2024"]
[Site "Breisach am Rhein GER"]
[Date "2024.12.29"]
[Round "6"]
[White "Feick, Claas Marten"]
[Black "Kort, Felix"]
[Result "1/2-1/2"]
[Termination "normal"]
[Board "2.5"]
[WhiteElo "1840"]
[BlackElo "2047"]
[WhiteTeam "SF Neuberg"]
[BlackTeam "Hamburger SK 1830"]
[PlyCount "168"]
[WhiteFideId "34634169"]
[BlackFideId "16220129"]
[EventCountry "GER"]
[EventRounds "7"]
[EventType "team-swiss"]
[EventDate "2024.12.26"]

1. e4 e5 2. Nf3 Nc6 3. d4 exd4 4. Bc4 Bc5 5. c3 Nf6 6. e5 d5 7. Bb5 Ne4 8. cxd4
Bb6 9. Nc3 O-O 10. Bxc6 bxc6 11. O-O Bg4 12. Be3 f6 13. Ne2 Bxf3 14. gxf3 Ng5
15. f4 Nf3+ 16. Kg2 Nh4+ 17. Kh1 Nf5 18. Ng3 fxe5 19. Nxf5 Rxf5 20. Qg4 exd4
21. Qxf5 dxe3 22. fxe3 Qe7 23. Rae1 Bxe3 24. Qd3 Re8 25. Rf2 d4 26. Ree2 Qe6
27. Rf3 Qxa2 28. b3 Qa1+ 29. Kg2 Qg1+ 30. Kh3 Qg6 31. f5 Qh5+ 32. Kg2 Qg4+ 33.
Rg3 Qe4+ 34. Qxe4 Rxe4 35. f6 g6 36. Rf3 Kf7 37. h3 Re5 38. Kf1 Rb5 39. Rc2 c5
40. b4 Rxb4 41. Rxc5 Rb1+ 42. Ke2 Rb7 43. Rd5 c6 44. Rd8 Bg5 45. Rxd4 Bxf6 46.
Rd6 Re7+ 47. Kd3 Re6 48. Rd7+ Re7 49. Rxe7+ Kxe7 50. Kc4 Ke6 51. Kc5 a5 52.
Re3+ Kd7 53. Rd3+ Kc7 54. Re3 Bh4 55. Rf3 Be7+ 56. Kc4 Kd7 57. Rd3+ Ke6 58. Rf3
Bb4 59. Rf2 h6 60. h4 g5 61. h5 Bd6 62. Kd4 a4 63. Ke4 a3 64. Rc2 g4 65. Rxc6
g3 66. Kf3 Kd5 67. Ra6 Ke6 68. Kg2 Kd5 69. Kf3 Ke6 70. Kg2 Ke7 71. Kf3 Kd7 72.
Kg2 Ke6 73. Kf3 Kd5 74. Kg2 Bf8 75. Kxg3 Kc4 76. Kf4 Bb4 77. Kf5 Kb5 78. Ra8
Ba5 79. Rb8+ Bb6 80. Rc8 Bc5 81. Kg6 Be3 82. Rc3 Bc5 83. Rxa3 Bxa3 84. Kxh6
Bc1+ 1/2-1/2

[Event "DVM U20 2024"]
[Site "Breisach am Rhein GER"]
[Date "2024.12.29"]
[Round "6"]
[White "Skembris, Simon Max"]
[Black "Mankel, Luca"]
[Result "1-0"]
[Termination "normal"]
[Board "3.1"]
[WhiteElo "2063"]
[BlackElo "1998"]
[WhiteTeam "SK Freiburg-Zähringen 1887"]
[BlackTeam "TSG Oberschöneweide"]
[PlyCount "63"]
[WhiteFideId "16281381"]
[BlackFideId "16253876"]
[EventCountry "GER"]
[EventRounds "7"]
[EventType "team-swiss"]
[EventDate "2024.12.26"]

1. e4 c6 2. d4 g6 3. Nf3 Bg7 4. Bd3 d5 5. Nbd2 dxe4 6. Nxe4 Nd7 7. Qe2 Ndf6 8.
Bd2 Nxe4 9. Bxe4 Nf6 10. Bd3 O-O 11. h3 a5 12. O-O a4 13. c4 Re8 14. Rfe1 Nd7
15. Bc3 a3 16. b3 c5 17. Rad1 Qc7 18. Qd2 b6 19. d5 Nf6 20. Be5 Qd7 21. Qc3 Nh5
22. Bb1 f6 23. Bh2 Bf8 24. Nh4 f5 25. Nf3 f4 26. Ng5 Qd6 27. Qf3 Qf6 28. Nxh7
Kxh7 29. Qxh5+ Kg7 30. Qf3 g5 31. Qh5 Bf5 32. Re6 1-0

[Event "DVM U20 2024"]
[Site "Breisach am Rhein GER"]
[Date "2024.12.29"]
[Round "6"]
[White "Hommel, Niclas"]
[Black "Langner, Robin"]
[Result "1-0"]
[Termination "normal"]
[Board "3.2"]
[WhiteElo "2125"]
[BlackElo "2032"]
[WhiteTeam "TSG Oberschöneweide"]
[BlackTeam "SK Freiburg-Zähringen 1887"]
[PlyCount "135"]
[WhiteFideId "12974927"]
[BlackFideId "34606190"]
[EventCountry "GER"]
[EventRounds "7"]
[EventType "team-swiss"]
[EventDate "2024.12.26"]

1. e4 c5 2. d4 cxd4 3. Qxd4 Nc6 4. Qd3 g6 5. Nc3 Bg7 6. Nf3 Nf6 7. Be2 O-O 8.
O-O Nb4 9. Qd1 d5 10. a3 dxe4 11. axb4 exf3 12. Qxd8 Rxd8 13. Bxf3 Bf5 14. Bxb7
Rab8 15. Bc6 Bxc2 16. Rxa7 Rxb4 17. Rxe7 Kf8 18. Rfe1 Bb3 19. Be3 Kg8 20. Rb7
Rxb7 21. Bxb7 Rb8 22. Bf3 Be6 23. Bd4 Nd7 24. Bxg7 Kxg7 25. Rb1 Ne5 26. Bd5 Bf5
27. Be4 Bxe4 28. Nxe4 Rb3 29. Nc5 Rb5 30. b4 Nc6 31. Nd3 Rd5 32. Ne1 Rb5 33.
Nc2 Kf6 34. Kf1 Ke5 35. Ke1 Nd8 36. Kd2 Nb7 37. Kc3 Kd5 38. Na3 Rb6 39. Rd1+
Kc6 40. Re1 Nd6 41. Re5 Rb7 42. f3 Rb8 43. g4 Rb7 44. h4 Rb8 45. h5 Rb7 46. b5+
Kd7 47. Kb4 Kd8 48. Kc5 Kd7 49. Kb4 Kd8 50. Nc4 Nc8 51. Na5 Rd7 52. Kc5 Kc7 53.
Nc4 Kb7 54. b6 Rd3 55. Na5+ Kb8 56. b7 Rxf3 57. Re8 Rc3+ 58. Kd4 Rc7 59.
bxc8=Q+ Rxc8 60. Rxc8+ Kxc8 61. hxg6 fxg6 62. Ke5 Kd7 63. Nc4 h5 64. g5 h4 65.
Kf4 Ke6 66. Kg4 h3 67. Kxh3 Kf5 68. Kh4 1-0

[Event "DVM U20 2024"]
[Site "Breisach am Rhein GER"]
[Date "2024.12.29"]
[Round "6"]
[White "Lauterbach, Kolja"]
[Black "Mimkes, Pavel"]
[Result "1/2-1/2"]
[Termination "normal"]
[Board "3.3"]
[WhiteElo "1958"]
[BlackElo "1998"]
[WhiteTeam "SK Freiburg-Zähringen 1887"]
[BlackTeam "TSG Oberschöneweide"]
[PlyCount "87"]
[WhiteFideId "16235916"]
[BlackFideId "12990833"]
[EventCountry "GER"]
[EventRounds "7"]
[EventType "team-swiss"]
[EventDate "2024.12.26"]

1. e4 c5 2. d3 Nc6 3. Be2 g6 4. f4 Bg7 5. Nf3 e6 6. O-O Nge7 7. c3 d5 8. Na3 b6
9. e5 h5 10. d4 a6 11. Nc2 Nf5 12. Ne3 Nce7 13. a4 Bd7 14. Qe1 Bf8 15. Bd3 Nxe3
16. Bxe3 Nf5 17. Bf2 Be7 18. Bc2 Qc7 19. Bxf5 gxf5 20. Bh4 Bc6 21. Bxe7 Qxe7
22. Qh4 c4 23. Qxe7+ Kxe7 24. Kf2 Rhb8 25. Ne1 b5 26. Nc2 bxa4 27. Ra2 Rb6 28.
Na3 Rab8 29. Rb1 a5 30. h4 f6 31. exf6+ Kxf6 32. g3 Rb3 33. Ke3 Ke7 34. Kf2 Kd6
35. Ke3 R3b7 36. Kf2 Be8 37. Ke3 Rb3 38. Kf2 Bg6 39. Nc2 Rxc3 40. bxc3 Rxb1 41.
Ke3 a3 42. Rxa3 Rd1 43. Ke2 Rd3 44. Ne3 1/2-1/2

[Event "DVM U20 2024"]
[Site "Breisach am Rhein GER"]
[Date "2024.12.29"]
[Round "6"]
[White "Nguyen, Phuc Nhat"]
[Black "Miller, Konstantin"]
[Result "1-0"]
[Termination "normal"]
[Board "3.4"]
[WhiteElo "2031"]
[BlackElo "1929"]
[WhiteTeam "TSG Oberschöneweide"]
[BlackTeam "SK Freiburg-Zähringen 1887"]
[PlyCount "27"]
[WhiteFideId "16253590"]
[BlackFideId "34628380"]
[EventCountry "GER"]
[EventRounds "7"]
[EventType "team-swiss"]
[EventDate "2024.12.26"]

1. e4 c6 2. d4 d5 3. e5 c5 4. dxc5 e6 5. a3 Bxc5 6. b4 Bf8 7. Nf3 Ne7 8. Bd3
Nf5 9. O-O Be7 10. Nbd2 O-O 11. c4 Nc6 12. Bb2 Bd7 13. Bxf5 exf5 14. cxd5 1-0

[Event "DVM U20 2024"]
[Site "Breisach am Rhein GER"]
[Date "2024.12.29"]
[Round "6"]
[White "Hördt, Benjamin"]
[Black "Ho, Ngoc Hai-Dang"]
[Result "0-1"]
[Termination "normal"]
[Board "3.5"]
[WhiteElo "1901"]
[BlackElo "1909"]
[WhiteTeam "SK Freiburg-Zähringen 1887"]
[BlackTeam "TSG Oberschöneweide"]
[PlyCount "106"]
[WhiteFideId "34648810"]
[BlackFideId "16206509"]
[EventCountry "GER"]
[EventRounds "7"]
[EventType "team-swiss"]
[EventDate "2024.12.26"]

1. d4 d5 2. c4 e6 3. Nc3 Nf6 4. cxd5 exd5 5. Bg5 c6 6. e3 Be7 7. Bd3 Nbd7 8.
Qc2 h6 9. Bh4 Qa5 10. Nf3 O-O 11. O-O Re8 12. a3 Qd8 13. b4 b5 14. Nb1 Bb7 15.
Nbd2 a5 16. Bxf6 Nxf6 17. Qc3 axb4 18. axb4 Qd6 19. Qc5 Nd7 20. Qxd6 Bxd6 21.
Rfb1 Rxa1 22. Rxa1 Ra8 23. Rxa8+ Bxa8 24. Nb3 Bxb4 25. Bf5 Nb6 26. Ne5 f6 27.
Nd3 Bd6 28. Ndc5 Kf7 29. g3 Ke7 30. Kg2 Na4 31. Nd3 Bc7 32. Kh3 Kf7 33. Kg2 g6
34. Bg4 h5 35. Bd1 Bb7 36. Nb4 Bb6 37. Nd3 Bc8 38. Nb4 Bd7 39. Bc2 Be8 40. Kh3
Ke6 41. Nd3 Kd6 42. Nf4 g5 43. Ne2 c5 44. dxc5+ Nxc5 45. Nd2 Ba5 46. Nb3 Nxb3
47. Bxb3 Bg6 48. Kg2 Bd3 49. Nc1 Bg6 50. Kf3 Bd2 51. Na2 Bd3 52. h3 Bc4 53.
Bxc4 dxc4 0-1

[Event "DVM U20 2024"]
[Site "Breisach am Rhein GER"]
[Date "2024.12.29"]
[Round "6"]
[White "Stettner, Oskar"]
[Black "Spillner, Ladis"]
[Result "1-0"]
[Termination "normal"]
[Board "3.6"]
[WhiteElo "1752"]
[BlackElo "1752"]
[WhiteTeam "TSG Oberschöneweide"]
[BlackTeam "SK Freiburg-Zähringen 1887"]
[PlyCount "39"]
[WhiteFideId "34617035"]
[BlackFideId "16217764"]
[EventCountry "GER"]
[EventRounds "7"]
[EventType "team-swiss"]
[EventDate "2024.12.26"]

1. e4 g6 2. d4 Bg7 3. Nc3 d6 4. Be3 Nd7 5. Qd2 Ngf6 6. f3 O-O 7. O-O-O c6 8. g4
b5 9. h4 b4 10. Nce2 Qa5 11. Kb1 c5 12. Nc1 Qc7 13. h5 a5 14. hxg6 fxg6 15.
dxc5 dxc5 16. Bc4+ Kh8 17. Bh6 Bb7 18. Bxg7+ Kxg7 19. g5 Nh5 20. Qxd7 1-0

[Event "DVM U20 2024"]
[Site "Breisach am Rhein GER"]
[Date "2024.12.29"]
[Round "6"]
[White "Kamp, Adrian"]
[Black "Kanzow, Alexander"]
[Result "1-0"]
[Termination "normal"]
[Board "4.1"]
[WhiteElo "2152"]
[BlackElo "1939"]
[WhiteTeam "SK Münster 32"]
[BlackTeam "KSV Rochade Göttingen (Veltheim)"]
[PlyCount "103"]
[WhiteFideId "16222466"]
[BlackFideId "16225414"]
[EventCountry "GER"]
[EventRounds "7"]
[EventType "team-swiss"]
[EventDate "2024.12.26"]

1. e4 c5 2. Nf3 Nc6 3. d4 cxd4 4. Nxd4 Nf6 5. Nc3 e5 6. Ndb5 d6 7. Bg5 a6 8.
Na3 b5 9. Bxf6 gxf6 10. Nd5 f5 11. g3 fxe4 12. Bg2 Be6 13. Bxe4 Rc8 14. c3 Bg7
15. Qh5 h6 16. Nc2 Qg5 17. Qxg5 hxg5 18. Nce3 Ne7 19. a4 Nxd5 20. Bxd5 b4 21.
cxb4 Bxd5 22. Nxd5 e4 23. O-O Bxb2 24. Rab1 Be5 25. b5 axb5 26. axb5 Rc5 27. b6
Rxd5 28. b7 Ke7 29. b8=Q Rxb8 30. Rxb8 g4 31. Rfb1 Rd2 32. R1b7+ Kf6 33. Rf8 d5
34. Rfxf7+ Kg6 35. Rf8 Ra2 36. Rb5 Rd2 37. Rd8 Bd4 38. Rbxd5 Bxf2+ 39. Kf1 Ra2
40. R8d6+ Kf7 41. Rd2 Rxd2 42. Rxd2 Bb6 43. Rb2 Bc5 44. Rb5 Bd6 45. Rg5 Kf6 46.
Rxg4 Kf5 47. Rg8 Be5 48. h4 Bc3 49. h5 Bd2 50. Ke2 Bc1 51. g4+ Kf6 52. Re8 1-0

[Event "DVM U20 2024"]
[Site "Breisach am Rhein GER"]
[Date "2024.12.29"]
[Round "6"]
[White "Mimkes, Antal"]
[Black "Weidemann, Jakob"]
[Result "1/2-1/2"]
[Termination "normal"]
[Board "4.2"]
[WhiteElo "2040"]
[BlackElo "2221"]
[WhiteTeam "KSV Rochade Göttingen (Veltheim)"]
[BlackTeam "SK Münster 32"]
[PlyCount "56"]
[WhiteFideId "16265963"]
[BlackFideId "16255470"]
[EventCountry "GER"]
[EventRounds "7"]
[EventType "team-swiss"]
[EventDate "2024.12.26"]

1. e4 c5 2. Nf3 e6 3. d4 cxd4 4. Nxd4 Nf6 5. Nc3 Nc6 6. Be2 Bb4 7. O-O O-O 8.
Bg5 Qa5 9. Bxf6 gxf6 10. Ncb5 d6 11. Nb3 Qd8 12. N5d4 b6 13. f4 Bb7 14. Kh1 d5
15. Nxc6 Bxc6 16. Nd4 Bb7 17. e5 Kh8 18. Bd3 f5 19. Qh5 Qe8 20. Nxf5 f6 21. Ng3
Qxh5 22. Nxh5 f5 23. c3 Be7 24. Ng3 Rg8 25. Be2 Bh4 26. Bf3 Bxg3 27. hxg3 Rxg3
28. c4 Rxf3 1/2-1/2